000 00723nam a2200289Ia 4500
005 20260324112338.0
008 008 260324s9999 xx 000 0 eng d
020 _a9781003289920
037 _aEBOOK
040 _aCRL
040 _beng
040 _cCRL
041 _2eng
041 _aeng
084 _qCRL
100 _aRebecca A. Cobb
_91142314
245 4 _aThe Therapist’s Notebook for Systemic Teletherapy
245 0 _bCreative Interventions for Effective Online Therapy
260 _bTaylor and Francis
260 _c2024
365 _a
365 _b205
856 _uhttp://www.taylorfrancis.com/books/9781003289920
942 _cEBOOK
999 _c1731481
_d1731481